Standards for adult probation services in Texas.

Bibliographic Details
Corporate Author: Texas Adult Probation Commission
Format: Government Document Book
Language:English
Published: Austin, Tex. : Texas Adult Probation Commission, [1988-]
Edition:[Nov. 1988 ed.].
Subjects:

MARC

Tag First Indicator Second Indicator Subfields
LEADER 00000cam a2200000 a 4500
001 in00001069571
005 20150929095757.0
008 881212m19889999txu s00010 eng d
035 |a (OCoLC)18887272 
035 |9 AFN6563AM 
040 |a IKM  |c IKM  |d UtOrBLW 
049 |a IKMd 
086 |a A697.4 St24 1988  |2 txdocs 
099 9 |a A697.4  |a St24  |a 1988 
110 2 |a Texas Adult Probation Commission. 
245 1 0 |a Standards for adult probation services in Texas. 
250 |a [Nov. 1988 ed.]. 
264 1 |a Austin, Tex. :  |b Texas Adult Probation Commission,  |c [1988-] 
300 |a 1 volume (loose-leaf) ;  |c 28 cm. 
336 |a text  |b txt  |2 rdacontent 
337 |a unmediated  |b n  |2 rdamedia 
338 |a volume  |b nc  |2 rdacarrier 
500 |a Cover title. 
650 0 |a Probation  |x Standards  |z Texas. 
999 |a MARS 
999 f f |s 889ca8ee-a4d6-39d9-92aa-ad8d35b67053  |i ca3dcb30-810e-30f0-bbf3-3efaf426c9d4  |t 0 
952 f f |p normal  |a Texas A&M University  |b College Station  |c Sterling C. Evans Library  |d Evans: Texas Documents (Annex 5th floor)  |t 0  |e A697.4 St24 1988  |h Other scheme  |i unmediated -- volume  |m A14814171357 
998 f f |a A697.4 St24 1988  |t 0  |l Evans: Texas Documents (Annex 5th floor)